| 000 | 00618nam a2200157 a 4500 | ||
|---|---|---|---|
| 008 | 120416s2003 ||||||||||||||||| || u | ||
| 050 | _aIBRD(02) | ||
| 100 | _aBeyer, Joy de | ||
| 245 | 1 | 0 |
_aTobacco control policy: strategies, successes, and setbacks _cedited by Joy de Beyer |
| 260 |
_aWashington, D. C. _bWorld Bank _c2003 |
||
| 350 | _a0.00 | ||
| 650 | _aTOBACCO INDUSTRY--GOVERNMENT POLICY | ||
| 700 | _aBrigden, Linda Waverley | ||
| 710 | _aWorld Bank | ||
| 995 |
_D0.00 _FCBU-MAIN LIBRARY (Kitwe) _H1 _I0.00 _M1 _UAVAILABLE _WDec 3, 2007 _ZInternational Publications |
||
| 999 |
_c59954 _d59954 |
||